| 000 | 00885nam a2200241 a 4500 | ||
|---|---|---|---|
| 003 | CBULib | ||
| 005 | 20231122132840.0 | ||
| 008 | 140807s2013 ||||||||||||||||| || u | ||
| 040 |
_aCBULib _bEnglish _cCBULib _erda |
||
| 050 | _aUNCTAD(02)2013/4 | ||
| 110 |
_9359 _aUnited Nations Conference on Trade and Development (UNCTAD) |
||
| 245 | 0 | 0 |
_aCompetition issues in the economy of Mozambique _c/ by United Nations Conference on Trade and Development (UNCTAD) |
| 260 |
_aNew York : _c2013 _bUnited Nations, |
||
| 300 | _a52 pages : illustrations | ||
| 336 |
_2rdacontent _aText | _btxt |
||
| 337 |
_2rdamedia _aUnmediated | _bn |
||
| 338 |
_2rdacarrier _aVolume _bnc |
||
| 650 | _aMARKET ACCESS--MOZAMBIQUE | ||
| 650 | _aECONOMIC COMPETITION--MOZAMBIQUE | ||
| 650 | _aMARKET STRUCTURE--MOZAMBIQUE | ||
| 942 |
_2mc _c029 |
||
| 999 |
_c38092 _d38092 |
||